000 00504nam a2200169 i 4500
001 55264
003 ES-MaACL
005 20230906163118.0
007 t|
008 030916s1969 sp ||||1| spa d
100 1 _aDemeter, Karl J.
_943641
245 1 0 _aLactobacteriología /
_cKarl J. Demeter ; traducido por Jaime Esaín Escobar.
260 _aZaragoza :
_bAcribia,
_c[1969]
300 _a331 p. :
_bil. ;
_c24 cm.
700 0 _aEsaín Escobar, Jaime.
_947449
852 _aES-MaACL
_jC-37091
_bR.69992
999 _c55264
_d55264